000 00912nam a2200265Ia 4500
003 OSt
005 20220923222122.0
006 a|||||r|||| 00| 0
007 ta
008 220922b |||||||| |||| 00| 0 ben d
024 _a203,080
037 _cTextual
040 _aARTS
_cARTS
_bben
041 _2ben
_aben
082 _aO157,2N25,7, 152M0
100 _aसरकार, बादल;
245 0 _aपगला घोड़ा
246 _aPagalā ghoड़ā
260 _aनई दिल्ली
_b राजकमल प्रका0
_c1980
300 _a104पृ0
_ccm.
650 _aबंगाली साहित्य
_9156264
700 _aअग्रवाल, प्रतिभा, अनु.
942 _hO157,2N25,7, 152M0
_cTEXL
_2CC
999 _c353861
_d353861